| 000 | 00653cam a22002173a 4500 | ||
|---|---|---|---|
| 001 | 40283 | ||
| 003 | PGUSA | ||
| 005 | 20140828083912.0 | ||
| 008 | 120720s2012||||xxu|||||s|||||000 | eng d | ||
| 040 |
_aPGUSA _beng |
||
| 042 | _adc | ||
| 100 | 1 |
_aAndersen, H. C. _q(Hans Christian), _d1805-1875 |
|
| 245 | 1 | 0 |
_aRudy and Babette : _bOr, Capture of The Eagle's Nest _h[electronic resource] / _cH. C. Andersen |
| 260 |
_bProject Gutenberg, _c2012 |
||
| 506 | _aPublic domain in the USA. | ||
| 516 | _aElectronic text | ||
| 700 | 1 | _aStratton, Helen | |
| 830 | 0 |
_aProject Gutenberg _v40283 |
|
| 856 | 4 | 0 | _uhttp://www.gutenberg.org/ebooks/40283 |
| 942 | _cEB | ||
| 999 |
_c269536 _d269536 |
||